Huerto del celestial esposo, fundado sobre el opusculo de N.P.S. Bernardo, que comienza: Ad quid vinisti? / compuesto por D. Constanza Ossorio, natural de Sevilla, religiosa en el Convento de Sta. Maria de las Dueñas, del Orden de Cister

Detalles Bibliográficos
Autor principal: Ossorio, Constanza, 1595 - 1637
Otros Autores: Bernard de Clairvaux, santo, 1091 - 1153
Formato: Libro
Lenguaje:Spanish
Publicado: en Sevilla : por Thomas Lopez de Haro, 1686
Materias:
Colección:Banco de datos
Acervo:Colección Convento de San José de Gracia del Archivo Histórico del Colegio de San Ignacio de Loyola. Vizcaínas
Descripción Física:[12] h., 224 p., [i.e. 240] ; 4°
Tema general:Pastoral
Notas:Error tipográfico en las dos últimas páginas dice 235 y 224 debe decir 239 y 240. Encuadernación en pergamino. Testigo: Cuentas manuscritas del siglo XIX
LEADER 00945nam a22001810004500
035 |a 133 
041 0 |a spa 
100 1 |a Ossorio, Constanza, 1595 - 1637 
245 1 0 |a Huerto del celestial esposo, fundado sobre el opusculo de N.P.S. Bernardo, que comienza: Ad quid vinisti? / compuesto por D. Constanza Ossorio, natural de Sevilla, religiosa en el Convento de Sta. Maria de las Dueñas, del Orden de Cister 
260 |a en Sevilla : por Thomas Lopez de Haro, 1686 
300 |a [12] h., 224 p., [i.e. 240] ; 4° 
500 |a Error tipográfico en las dos últimas páginas dice 235 y 224 debe decir 239 y 240. Encuadernación en pergamino. Testigo: Cuentas manuscritas del siglo XIX 
650 1 0 |a Pastoral 
700 1 |a Bernard de Clairvaux, santo, 1091 - 1153 
949 |a 121 
942 |c VIZCHIST 
943 |g Colección Convento de San José de Gracia del Archivo Histórico del Colegio de San Ignacio de Loyola. Vizcaínas 
999 |c 1092877  |d 1092877